000 00983nam a2200241 i 4500
001 58294
003 ES-MaACL
005 20230906163753.0
007 t|
008 031021s1980 sp f c |||| | spa d
080 _a74"15/16":069.538(460.27 M.)Casa de la Moneda
080 _a749.1:069(460.27 M.)Casa de la Moneda
100 1 _aDurán González-Meneses, Reyes.
_946218
245 1 0 _aCatálogo de los dibujos de los siglos XVI y XVII de la colección del Museo de la Casa de la Moneda /
_cReyes Durán González-Meneses.
260 _a[Madrid :
_bs.n.,
_c1980] (
_fImp. Fábrica Nacional de Moneda y Timbre)
300 _a208 p., 124 lám. ;
_c25 cm.
500 _aÍndices.
504 _aBibliografia: p. 89-93.
610 2 4 _aMuseo Casa de la Moneda (España)
_9157038
650 4 _aDibujo-
_yS.XVI-
_zMuseo Casa de la Moneda (España)-
_vCatálogos.
_9157040
650 4 _aDibujo-
_yS.XVII-
_zMuseo Casa de la Moneda (España)-
_vCatálogos.
_9157041
852 _aES-MaACL
_jL-46
999 _c58294
_d58294